ბათუმის შოთა რუსთაველის სახელმწიფო უნივერსიტეტის ბიბლიოთეკა

სტატისტიკური აღრიცხვა (ბიბ.ჩანაწერი № 43785)

000 -LEADER
fixed length control field 00852nam a2200253Ia 4500
001 - CONTROL NUMBER
control field 10530
003 - CONTROL NUMBER IDENTIFIER
control field GE_BSU
008 - FIXED-LENGTH DATA ELEMENTS--GENERAL INFORMATION
fixed length control field 181216s||||||||xx |||||||||||||| ||und||
020 ## - INTERNATIONAL STANDARD BOOK NUMBER
International Standard Book Number 9789941200991
040 ## - CATALOGING SOURCE
Transcribing agency GE_BSU
080 ## - UNIVERSAL DECIMAL CLASSIFICATION NUMBER
Universal Decimal Classification number 311.2
100 ## - MAIN ENTRY--PERSONAL NAME
Personal name მოისწრაფიშვილი,მ.
245 ## - TITLE STATEMENT
Title სტატისტიკური აღრიცხვა
245 ## - TITLE STATEMENT
Remainder of title დამხმ.სახ–ლო
245 ## - TITLE STATEMENT
Statement of responsibility, etc. რედ.ი.მეგრელიშვილი
260 ## - PUBLICATION, DISTRIBUTION, ETC.
Place of publication, distribution, etc. თბილისი
260 ## - PUBLICATION, DISTRIBUTION, ETC.
Name of publisher, distributor, etc. საქართველოს ტექნიკური უნ–ტი
260 ## - PUBLICATION, DISTRIBUTION, ETC.
Date of publication, distribution, etc. 2012
300 ## - PHYSICAL DESCRIPTION
Extent 133გვ.ცხრ.29სმ.
300 ## - PHYSICAL DESCRIPTION
Accompanying material ბიბლიოგრ. გვ.132
653 ## - INDEX TERM--UNCONTROLLED
Uncontrolled term სტატისტიკური აღრიცხვა
942 ## - ADDED ENTRY ELEMENTS (KOHA)
Koha item type წიგნი
ეგზემპლარები
Withdrawn status Lost status Damaged status Not for loan Date acquired Barcode Date last seen Price effective from Koha item type Public note
        2018-12-17 34529 2018-12-17 2018-12-17 წიგნი ილია ჭავჭავაძის ბიბლიოთეკა
        2018-12-17 34530 2018-12-17 2018-12-17 წიგნი საინჟინრო–ტექნ. ფაკულტეტის ბიბლ–ია
        2018-12-17 34531 2018-12-17 2018-12-17 წიგნი საინჟინრო–ტექნ. ფაკულტეტის ბიბლ–ია
        2018-12-17 34532 2018-12-17 2018-12-17 წიგნი საინჟინრო–ტექნ. ფაკულტეტის ბიბლ–ია
        2018-12-17 34533 2018-12-17 2018-12-17 წიგნი საინჟინრო–ტექნ. ფაკულტეტის ბიბლ–ია
        2018-12-17 34534 2018-12-17 2018-12-17 წიგნი საინჟინრო–ტექნ. ფაკულტეტის ბიბლ–ია
        2018-12-17 34535 2018-12-17 2018-12-17 წიგნი საინჟინრო–ტექნ. ფაკულტეტის ბიბლ–ია
        2018-12-17 34536 2018-12-17 2018-12-17 წიგნი საინჟინრო–ტექნ. ფაკულტეტის ბიბლ–ია
        2018-12-17 34537 2018-12-17 2018-12-17 წიგნი საინჟინრო–ტექნ. ფაკულტეტის ბიბლ–ია
        2018-12-17 34538 2018-12-17 2018-12-17 წიგნი საინჟინრო–ტექნ. ფაკულტეტის ბიბლ–ია